书目信息 |
| 题名: |
建筑评论
|
|
| 作者: | 金磊 主编 | |
| 分册: | 第一辑 | |
| 出版信息: | 天津 天津大学出版社 2012.10 |
|
| 页数: | 160页 | |
| 开本: | 23cm | |
| 丛书名: | ||
| 单 册: | ||
| 中图分类: | TU-861 | |
| 科图分类: | ||
| 主题词: | 建筑艺术--艺术评论--世界 | |
| 电子资源: | ||
| ISBN: | 978-7-5618-4528-8 | |
| 000 | 00996nam0 2200253 45 | |
| 001 | 1355683374 | |
| 005 | 20130515173355.26 | |
| 010 | @a978-7-5618-4528-8@dCNY16.00 | |
| 100 | @a20130108d2012 em y0chiy0121 ea | |
| 101 | 0 | @achi |
| 102 | @aCN@b120000 | |
| 105 | @aack z 000yy | |
| 106 | @ar | |
| 200 | 1 | @a建筑评论@AJian Zhu Ping Lun@dArchitectural reviews@h第一辑@HDi Yi Ji@f金磊主编@FJin Lei Zhu Bian@zeng |
| 210 | @a天津@c天津大学出版社@d2012.10 | |
| 215 | @a160页@c图, 肖像@d23cm | |
| 300 | @a本书主办单位: 宝佳集团中国建筑传媒中心 天津大学建筑规划设计研究院 北京大学城市规划与发展研究所 | |
| 330 | @a本书是一本连续出版的以建筑为载体的评论读物。其“建筑”意为大概念, 旨在要用评论之名来镌刻城市与设计时代。所以其内容涵盖城市评论、艺术评论、设计评论、文博评论等文化领域。 | |
| 510 | 1 | @aArchitectural reviews@zeng |
| 606 | 0 | @a建筑艺术@x艺术评论@y世界 |
| 690 | @aTU-861@v5 | |
| 701 | 0 | @a金磊@AJin Lei@4主编 |
| 801 | @aCN@bTANGWEI@c20130112 | |
| 905 | @b0831512-16@dTU-861@e106@f5 | |
| 建筑评论=Architectural reviews.第一辑/金磊主编.-天津:天津大学出版社,2012.10 |
| 160页:图, 肖像;23cm |
| 本书主办单位: 宝佳集团中国建筑传媒中心 天津大学建筑规划设计研究院 北京大学城市规划与发展研究所 |
| ISBN 978-7-5618-4528-8:CNY16.00 |
| 本书是一本连续出版的以建筑为载体的评论读物。其“建筑”意为大概念, 旨在要用评论之名来镌刻城市与设计时代。所以其内容涵盖城市评论、艺术评论、设计评论、文博评论等文化领域。 |
| ● |
| 相关链接 |
|
|
|
|
正题名:建筑评论
索取号:TU-861/106
 
预约/预借
| 序号 | 登录号 | 条形码 | 馆藏地/架位号 | 状态 | 备注 |
| 1 | 0831512 | 208315125 | 第二样本阅览室/ [索取号:TU-861/106] | 在馆 | |
| 2 | 0831513 | 208315134 | 第三借阅区/ [索取号:TU-861/106] | 在馆 | |
| 3 | 0831514 | 208315143 | 密集书库-资源管理系/ [索取号:TU-861/106] | 在馆 | |
| 4 | 0831515 | 208315152 | 第三借阅区/ [索取号:TU-861/106] | 在馆 | |
| 5 | 0831516 | 208315161 | 第三借阅区/ [索取号:TU-861/106] | 在馆 |